002190000a220007300045007730023000001000027000232450035000503000060000850 tIglesia y Misión1 aSteuernagel, Valdir R.10aViñetas centroamericanas (I) aVol. 10, Num 3 (Julio-Septiembre, 1991) Páginas 24-27